The Rookie - Personnages A-Z - Statistiques

Statistiques générales
  • Ce quiz a été pris 1 831 fois
  • Le résultat moyen est 12 sur 21
Statistiques - réponses
Par images Réponse % Correct
Angela
94%
Lucy
92%
Tim
86%
Bailey
80%
Celina
74%
Wesley
70%
Oscar
68%
Smitty
61%
Elijah
60%
Nyla
58%
Henry
56%
Rosalind
54%
Monica
48%
Isabel
46%
Kojo
46%
Pete
44%
Zoe
42%
Doug
38%
Grace
29%
Jessica
28%
Fiona
14%
Aucun quiz correspondant
Distribution des résultats
% des personnes avec chaque résultat
Percentile par nombre de réponses
Votre historique - résultats
Vous n’avez pas pris ce quiz